|
|
|
|
| LEADER |
00000nam0a2200000 4500 |
| 001 |
322920 |
| 005 |
20231102003524.0 |
| 010 |
|
|
|a 9785847508001
|
| 035 |
|
|
|a (RuTPU)RU\TPU\book\348478
|
| 035 |
|
|
|a RU\TPU\book\269497
|
| 090 |
|
|
|a 322920
|
| 100 |
|
|
|a 20161006d2014 km y0rusy50 ca
|
| 101 |
0 |
|
|a rus
|a eng
|
| 102 |
|
|
|a RU
|
| 105 |
|
|
|a y e 000zy
|
| 200 |
1 |
|
|a Англо-русский и русско-английский словарь
|e 100 000 слов, словосочетаний и выражений
|f А. М. Винокуров
|
| 205 |
|
|
|a [2-е изд., испр.]
|
| 210 |
|
|
|a Москва
|c Мартин
|d 2014
|
| 215 |
|
|
|a 1024 с.
|
| 330 |
|
|
|a Словарь содержит около 100 000 слов, словосочетаний и выражений. Представлена главным образом общеупотребительная лексика в её основных значениях, а также новые слова и значения, вошедшие в употребление в последнее время. Особенностью данного словаря является то, что в его англо-русской части указана нормативная типовая сочетаемость заглавных слов основных частей речи, а в русско-английской все многосложные английские слова снабжены ударением, что облегчает их правильное чтение. Предназначается как для всех интересующихся современным английским языком, так и для тех, кто изучает его углублённо.
|
| 606 |
1 |
|
|a Английский язык
|x Параллельные словари
|2 stltpush
|3 (RuTPU)RU\TPU\subj\29064
|9 52476
|
| 610 |
1 |
|
|a лексика
|
| 610 |
1 |
|
|a словари
|
| 610 |
1 |
|
|a англо-русские словари
|
| 610 |
1 |
|
|a русско-английские словари
|
| 686 |
|
|
|a Ш143.21-48
|v LBC/SL-A
|2 rubbk
|
| 700 |
|
1 |
|a Винокуров
|b А. М.
|
| 801 |
|
1 |
|a RU
|b 63413507
|c 20140115
|
| 801 |
|
2 |
|a RU
|b 63413507
|c 20161012
|g RCR
|
| 942 |
|
|
|c BK
|